Боже Правде - текст - Statistics

General Stats
  • This quiz has been taken 1 901 times
  • The average score is 68 of 135
Answer Stats
Текст % Correct
Боже
100%
правде
99%
ти
99%
што
99%
спас
99%
од
97%
на
96%
пропасти
94%
спасе
93%
нас
93%
и
92%
чуј
87%
сад
87%
буди
85%
руком
85%
брани
85%
Моћном
84%
наше
83%
гласе
83%
нам
83%
род
83%
води
82%
српске
80%
спаси
78%
српски
78%
будућности
76%
одсад
72%
досад
71%
храни
69%
земље
69%
брод
59%
се
44%
к
42%
а
38%
моли
37%
не
32%
српско
31%
српску
29%
браћу
27%
слога
25%
биће
25%
пораз
25%
Нек
25%
Сложи
24%
врагу
24%
грани
24%
драгу
23%
блиста
23%
плод
22%
дичан
21%
славан
21%
најјачи
21%
свак
20%
рад
20%
српству
20%
град
19%
српској
19%
слоге
19%
златан
19%
братске
17%
чело
17%
ведро
15%
падне
12%
гром
11%
село
11%
дом
11%
твог
10%
гнева
10%
Благослови
10%
Србу
10%
поље
10%
њиву
10%
борбе
9%
Кад
7%
ход
7%
је
7%
наступе
6%
дани
6%
победи
6%
му
6%
Из
6%
сјај
6%
дај
6%
мрачнога
5%
сину
5%
гроба
5%
доба
5%
Отаџбину
5%
петвековне
5%
славе
4%
нови
4%
настало
4%
ново
4%
Нову
4%
срећу
4%
No matching quizzes found
Score Distribution
Percent of People with Each Score
Percentile by Number Answered
Your Score History
You have not taken this quiz